[Event "Elit(Rockaden,Sthlm-Burgsvik)"]
[Site "?"]
[Date "2016.01.17"]
[Round "5"]
[White "Fries Nielsen, Jens Ove"]
[Black "Barkhagen, Jonas"]
[Result "1-0"]
[WhiteElo "2405"]
[BlackElo "2435"]
[PlyCount "81"]
[EventDate "2016.??.??"]

1. d4 Nf6 2. Nf3 e6 3. e3 b6 4. Bd3 Bb7 5. Qe2 d5 6. O-O Bd6 7. Nbd2 Nbd7 8. e4
dxe4 9. Nxe4 Nxe4 10. Bxe4 Bxe4 11. Qxe4 O-O 12. Rd1 Qe7 13. Bg5 f6 14. Bd2
Rfe8 15. Re1 Nf8 16. c4 Bb4 17. Rad1 Bxd2 18. Rxd2 Qd7 19. h4 Rad8 20. h5 h6
21. Re3 Qf7 22. Qg4 e5 23. d5 f5 24. Qh4 e4 25. Ne5 Rxe5 26. Qxd8 f4 27. Rh3
Rg5 28. d6 cxd6 29. Qxd6 f3 30. Rg3 Rxg3 31. Qxg3 Qxc4 32. Rd8 fxg2 33. Qb3
Qxb3 34. axb3 Kf7 35. b4 Ne6 36. Rd7+ Kf6 37. Rxa7 Nf4 38. Rb7 Kg5 39. Rxb6 Kg4
40. Rg6+ Nxg6 41. hxg6 1-0

[Event "Elit(Rockaden,Sthlm-Burgsvik)"]
[Site "?"]
[Date "2016.01.17"]
[Round "5"]
[White "Bator, Robert"]
[Black "Zadruzny, Nicolaj"]
[Result "1-0"]
[WhiteElo "2427"]
[BlackElo "2250"]
[PlyCount "87"]

1. d4 Nf6 2. Nf3 e6 3. c4 d5 4. g3 dxc4 5. Bg2 Bb4+ 6. Bd2 a5 7. Qc2 Bxd2+ 8.
Nbxd2 b5 9. O-O O-O 10. a4 c6 11. b3 cxb3 12. Nxb3 b4 13. e4 Nbd7 14. Nfd2 Ba6
15. Rfc1 Rc8 16. e5 Nd5 17. Ne4 Qb6 18. Ng5 g6 19. Ne4 Rc7 20. Qd2 Kg7 21. h4
h5 22. Bf3 Rh8 23. Rab1 Bb7 24. Rb2 Qa7 25. Rbc2 Qb6 26. Nd6 Nc3 27. Qf4 Rf8
28. Nd2 Ba6 29. N2e4 Bd3 30. Nf6 Nxf6 31. exf6+ Kh7 32. Rd2 Bf5 33. Bxh5 Nd5
34. Qg5 c5 35. Nb5 Rc6 36. Be2 cxd4 37. Re1 Nc3 38. Bf3 Rc5 39. h5 Be4 40.
hxg6+ fxg6 41. Qh4+ Kg8 42. Bxe4 Rh5 43. Qg4 Rxf6 44. Bxg6 1-0

[Event "Elit(Rockaden,Sthlm-Burgsvik)"]
[Site "?"]
[Date "2016.01.17"]
[Round "5"]
[White "Andersson, Tommy"]
[Black "Karlsson, Lars"]
[Result "1/2-1/2"]
[WhiteElo "2384"]
[BlackElo "2457"]
[PlyCount "113"]

1. d4 g6 2. c4 Bg7 3. Nc3 d6 4. e4 Nc6 5. d5 Nd4 6. Nge2 c5 7. Be3 Qb6 8. Na4
Qa5+ 9. Bd2 Qc7 10. Bc3 Bg4 11. f3 Bxf3 12. gxf3 Nxf3+ 13. Kf2 Ne5 14. Bh3 h5
15. Nf4 Nf6 16. Qe2 Nfg4+ 17. Bxg4 hxg4 18. Nd3 Nxd3+ 19. Qxd3 Rh3 20. Qe2 Bd4+
21. Bxd4 Rf3+ 22. Kg2 cxd4 23. Rac1 Re3 24. Qd2 Rxe4 25. Rhe1 Rxe1 26. Qxe1 Qd7
27. b3 Qf5 28. Qf2 Qh5 29. Re1 b5 30. Nb2 bxc4 31. Nxc4 Qxd5+ 32. Kg1 Kd7 33.
Qh4 e5 34. Qxg4+ f5 35. Qh3 Rf8 36. Qh6 Rf7 37. Qxg6 Qe6 38. Qg8 Rf6 39. Qb8
Rg6+ 40. Kf2 Qd5 41. Rg1 Rxg1 42. Kxg1 d3 43. Qxa7+ Ke6 44. Qf2 f4 45. a4 Qb7
46. Qg2 Qa7+ 47. Kf1 Qd4 48. Qg6+ Kd7 49. Ke1 Qa1+ 50. Kd2 Qa2+ 51. Kc3 Qa1+
52. Kb4 Qd4 53. Qf7+ Kd8 54. Qf8+ Kd7 55. Qf7+ Kd8 56. Qf8+ Kd7 57. Qf7+
1/2-1/2

[Event "Elit(Rockaden,Sthlm-Burgsvik)"]
[Site "?"]
[Date "2016.01.17"]
[Round "5"]
[White "Engqvist, Thomas"]
[Black "Packalen, Marcus"]
[Result "1-0"]
[WhiteElo "2358"]
[BlackElo "2171"]
[PlyCount "71"]

1. d4 Nf6 2. c4 e5 3. dxe5 Ng4 4. Nf3 Nc6 5. Bf4 Bb4+ 6. Nbd2 Qe7 7. e3 Ngxe5
8. Nxe5 Nxe5 9. Be2 b6 10. O-O Bxd2 11. Qxd2 Bb7 12. Qc3 f6 13. Bg3 h5 14. h3
h4 15. Bh2 O-O-O 16. b4 Rh6 17. c5 Rg6 18. f3 b5 19. a4 Qe6 20. Kh1 Rg3 21.
Bxg3 hxg3 22. Qe1 bxa4 23. Rxa4 Rh8 24. Qxg3 Qb3 25. Rxa7 Qxe3 26. Qxg7 Ng6 27.
Ba6 Bxa6 28. Rxa6 Qe2 29. Raa1 Qd3 30. c6 dxc6 31. Ra8+ Kb7 32. Ra7+ Kb6 33.
Qxc7+ Kb5 34. Qa5+ Kc4 35. Rc1+ Kd4 36. Qc5# 1-0

[Event "Elit(Rockaden,Sthlm-Burgsvik)"]
[Site "?"]
[Date "2016.01.17"]
[Round "5"]
[White "Linusson, Pelle"]
[Black "Hedman, Erik"]
[Result "1/2-1/2"]
[WhiteElo "2233"]
[BlackElo "2349"]
[PlyCount "62"]

1. Nf3 c5 2. c4 Nc6 3. Nc3 g6 4. g3 Bg7 5. Bg2 e5 6. O-O d6 7. a3 Nge7 8. b4
Be6 9. Ng5 Bc8 10. Rb1 O-O 11. d3 f5 12. Bd2 h6 13. Nf3 g5 14. Na4 cxb4 15.
axb4 Ng6 16. b5 Nce7 17. Bb4 Be6 18. Nd2 Rb8 19. Nc3 Rf7 20. Qa4 Nc8 21. Qa3 h5
22. Nd5 h4 23. Ba5 b6 24. Bc3 Rbb7 25. Nb4 Rbc7 26. Nc6 Qe8 27. Rfc1 g4 28. d4
e4 29. d5 Bd7 30. Bxg7 Rxg7 31. Ra1 Rh7 1/2-1/2

[Event "Elit(Rockaden,Sthlm-Burgsvik)"]
[Site "?"]
[Date "2016.01.17"]
[Round "5"]
[White "Kenneskog, Theodor"]
[Black "Larsson, Victor"]
[Result "1/2-1/2"]
[WhiteElo "2352"]
[BlackElo "2207"]
[PlyCount "106"]

1. d4 d5 2. c4 e6 3. Nc3 Be7 4. Nf3 Nf6 5. Bf4 O-O 6. e3 Nbd7 7. a3 c5 8. cxd5
Nxd5 9. Nxd5 exd5 10. dxc5 Nxc5 11. Be5 Bf6 12. Bxf6 Qxf6 13. Qd4 Qe7 14. Rd1
Rd8 15. Be2 Bf5 16. b4 Ne6 17. Qe5 Be4 18. O-O a5 19. Nd4 axb4 20. axb4 Qxb4
21. Nxe6 fxe6 22. Bg4 Bf5 23. Bxf5 exf5 24. Rxd5 Qe4 25. Qxe4 fxe4 26. Rb5 Rd7
27. Rfb1 Ra2 28. R5b4 Rf7 29. Rf1 Re7 30. g4 Ra6 31. Rfb1 Rg6 32. h3 h5 33. Rb6
Rxb6 34. Rxb6 hxg4 35. hxg4 Kf7 36. Kg2 Ke8 37. Kg3 Kd8 38. Kf4 Kc7 39. Rb5 Kd6
40. g5 Kc6 41. Rf5 b5 42. g6 Re6 43. Rf8 Kd5 44. Rb8 Rf6+ 45. Kg5 Kc4 46. Rb7
Rxf2 47. Rxg7 Kd3 48. Rb7 Kxe3 49. Rxb5 Rg2+ 50. Kf6 Kd3 51. Rd5+ Kc3 52. Rg5
Rxg5 53. Kxg5 e3 1/2-1/2

[Event "Elit(Team Viking-Kungstornet)"]
[Site "?"]
[Date "2016.01.30"]
[Round "5"]
[White "Lyrberg, Patrik"]
[Black "Meier, Georg"]
[Result "0-1"]
[WhiteElo "2477"]
[BlackElo "2660"]
[PlyCount "62"]

1. Nf3 d5 2. c4 e6 3. e3 Nf6 4. d4 a6 5. b3 c5 6. Be2 cxd4 7. exd4 Bb4+ 8. Bd2
Be7 9. O-O Nc6 10. Bg5 h6 11. Be3 Ne4 12. Nfd2 Nd6 13. Na3 Nf5 14. Nc2 O-O 15.
Nf3 Bf6 16. Qd2 b6 17. Rad1 Bb7 18. Bd3 dxc4 19. bxc4 Nce7 20. Be2 Rc8 21. Rc1
Bxf3 22. gxf3 Ng6 23. Rfd1 Qc7 24. d5 Be5 25. dxe6 fxe6 26. Qd7 Bxh2+ 27. Kh1
Qe5 28. Nd4 Nf4 29. Nxe6 Nxe3 30. Nxf8 Qg5 31. Bf1 Qg1# 0-1

[Event "Elit(Team Viking-Kungstornet)"]
[Site "?"]
[Date "2016.01.30"]
[Round "5"]
[White "Agrest, Evgenij"]
[Black "Aronsson, Marten"]
[Result "1-0"]
[WhiteElo "2587"]
[BlackElo "2295"]
[PlyCount "81"]

1. d4 Nf6 2. Nf3 g6 3. Bf4 Bg7 4. e3 O-O 5. Be2 c5 6. O-O d6 7. h3 Nc6 8. Nc3
b6 9. d5 Nb8 10. a4 a6 11. e4 Bb7 12. Qd2 Nbd7 13. Rad1 Qc7 14. Bh6 Ne5 15. Nh2
c4 16. Bxg7 Kxg7 17. Qd4 g5 18. Nf3 Nxf3+ 19. Bxf3 Rg8 20. Rfe1 Kf8 21. e5 dxe5
22. Rxe5 Rd8 23. Qe3 h6 24. Re1 Rd7 25. Bg4 Nxg4 26. hxg4 Rg6 27. Qe4 Qc5 28.
Re3 Qc7 29. Qf5 Bc8 30. Rf3 Rg7 31. Qe4 Kg8 32. Rf6 Bb7 33. Rxh6 f6 34. Re6 Qc5
35. Qf5 b5 36. Re3 Qd6 37. Reh3 Rd8 38. Qe6+ Qxe6 39. dxe6 Kf8 40. Rh8+ Rg8 41.
R3h7 1-0

[Event "Elit(Team Viking-Kungstornet)"]
[Site "?"]
[Date "2016.01.30"]
[Round "5"]
[White "von Bahr, Oskar"]
[Black "Westerberg, Jonathan"]
[Result "1/2-1/2"]
[WhiteElo "2379"]
[BlackElo "2490"]
[PlyCount "74"]

1. c4 e6 2. g3 Nf6 3. Bg2 d5 4. Nf3 dxc4 5. Na3 Bxa3 6. bxa3 O-O 7. Bb2 Nc6 8.
Qc2 Qe7 9. Ng5 e5 10. Bxc6 bxc6 11. O-O h6 12. Nf3 Bh3 13. Rfc1 Rab8 14. Rab1
Qe6 15. Qxc4 Qxc4 16. Rxc4 Be6 17. Rc2 Bf5 18. d3 e4 19. Ne1 exd3 20. Nxd3 Bxd3
21. exd3 Rfd8 22. Rd1 Ne8 23. Be5 Rb5 24. Bf4 Ra5 25. Rc3 Rd7 26. Kf1 Nf6 27.
Rxc6 Rxa3 28. Rxc7 Rxc7 29. Bxc7 Rxa2 30. h3 Nd5 31. Be5 f6 32. Bd4 a5 33. Kg2
a4 34. Rb1 Ra3 35. Rb8+ Kf7 36. Ra8 g5 37. Ra6 Rxd3 1/2-1/2

[Event "Elit(Team Viking-Kungstornet)"]
[Site "?"]
[Date "2016.01.30"]
[Round "5"]
[White "Berg, Emanuel"]
[Black "Henriksson, Johan"]
[Result "1-0"]
[WhiteElo "2571"]
[BlackElo "2286"]
[PlyCount "55"]

1. e4 c6 2. d4 d5 3. Nc3 dxe4 4. Nxe4 Nf6 5. Nxf6+ gxf6 6. Nf3 Bg4 7. Be2 Qc7
8. O-O Nd7 9. Nh4 Bxe2 10. Qxe2 e6 11. c4 O-O-O 12. g3 Nb6 13. Bf4 Qd7 14. Rfd1
h5 15. a4 Bh6 16. Bxh6 Rxh6 17. a5 Na8 18. d5 exd5 19. Qe3 Rhh8 20. Qxa7 Nc7
21. a6 Nxa6 22. cxd5 Nb8 23. b4 Qc7 24. b5 Rxd5 25. Rxd5 cxd5 26. Qe3 Kd8 27.
Rc1 Re8 28. Qxe8+ 1-0

[Event "Elit(Team Viking-Kungstornet)"]
[Site "?"]
[Date "2016.01.30"]
[Round "5"]
[White "Wikner, Arvid"]
[Black "Nithander, Victor"]
[Result "1/2-1/2"]
[WhiteElo "2233"]
[BlackElo "2440"]
[PlyCount "99"]

1. e4 g6 2. d4 Bg7 3. Nc3 d6 4. Be3 a6 5. a4 Nf6 6. f3 O-O 7. h4 Nc6 8. Qd2 e5
9. d5 Nb4 10. a5 c6 11. Na4 Nbxd5 12. exd5 Nxd5 13. Nb6 Nxe3 14. Qxe3 Rb8 15.
h5 Bf5 16. g4 Be6 17. hxg6 fxg6 18. O-O-O d5 19. Nh3 h6 20. Bd3 Qf6 21. g5 Qxf3
22. Qxf3 Rxf3 23. Ng1 Rg3 24. gxh6 Bf8 25. Rf1 e4 26. Be2 Be7 27. Kb1 Rf8 28.
h7+ Kh8 29. Rxf8+ Bxf8 30. Bf1 Re3 31. Ne2 d4 32. Nc1 Bf5 33. Nc4 Rg3 34. Ne2
Rg5 35. Nxd4 Bd7 36. Be2 c5 37. Nb3 Bb5 38. Nc1 Be7 39. Ne3 Bc6 40. Nb3 Rg3 41.
Ng4 e3 42. Rh6 Be8 43. Nc1 Rg1 44. Ne5 Bf6 45. Nf3 Rg3 46. Nd3 Rg2 47. Bf1 Rg3
48. Be2 Rg2 49. Nc1 Rg3 50. Nd3 1/2-1/2

[Event "Elit(Team Viking-Kungstornet)"]
[Site "?"]
[Date "2016.01.30"]
[Round "5"]
[White "Lindberg, Bo"]
[Black "Andersson, Fredrik"]
[Result "1-0"]
[WhiteElo "2392"]
[BlackElo "2266"]
[PlyCount "123"]

1. d4 Nf6 2. Bg5 d5 3. e3 c5 4. Bxf6 gxf6 5. dxc5 e6 6. c4 dxc4 7. Qxd8+ Kxd8
8. Bxc4 Bxc5 9. Nc3 Ke7 10. Nf3 Bd7 11. Ne4 Bb6 12. Ke2 Rc8 13. Rac1 Bc6 14.
Bd3 Nd7 15. Rhd1 Ne5 16. Nxe5 fxe5 17. g4 h6 18. Nc3 Ba5 19. f3 Rc7 20. Rc2
Rac8 21. Rdc1 Kd8 22. a3 Bxc3 23. Rxc3 Bd5 24. Rxc7 Rxc7 25. Rxc7 Kxc7 26. Kf2
Kd6 27. Kg3 Ke7 28. h4 Kf6 29. f4 exf4+ 30. exf4 Kg7 31. g5 f6 32. Kg4 h5+ 33.
Kg3 e5 34. fxe5 fxe5 35. Kf2 Kf7 36. Bf5 Bb3 37. Ke3 Ke7 38. Bg6 Bd1 39. Be4 b6
40. Bf3 Bxf3 41. Kxf3 Ke6 42. Ke4 b5 43. b4 a6 44. g6 Kf6 45. g7 Kxg7 46. Kxe5
Kg6 47. Ke6 Kg7 48. Kf5 Kh6 49. Kf6 Kh7 50. Kg5 Kg7 51. Kxh5 Kf6 52. Kg4 Kg6
53. h5+ Kh6 54. Kh4 Kg7 55. Kg5 Kh7 56. h6 Kg8 57. Kg6 Kh8 58. h7 a5 59. bxa5
b4 60. a6 b3 61. a7 b2 62. a8=R# 1-0

[Event "Elit(Team Viking-Kungstornet)"]
[Site "?"]
[Date "2016.01.30"]
[Round "5"]
[White "Glimbrant, Torbjorn"]
[Black "Grandell, Anders"]
[Result "1/2-1/2"]
[WhiteElo "2192"]
[BlackElo "2330"]
[PlyCount "70"]

1. d4 d5 2. c4 dxc4 3. Nf3 Nf6 4. e3 b5 5. a4 b4 6. Bxc4 e6 7. O-O Be7 8. Qe2
Bb7 9. Rd1 O-O 10. Nbd2 Nbd7 11. e4 c5 12. e5 Nd5 13. Ne4 Qc7 14. Nxc5 Nxc5 15.
dxc5 Bxc5 16. Bd3 Be7 17. Bd2 Rfc8 18. Ng5 g6 19. Rdc1 Qd8 20. h4 Rxc1+ 21.
Rxc1 Rc8 22. Rxc8 Bxc8 23. Qf3 Qf8 24. h5 Bxg5 25. Bxg5 Qg7 26. Bf6 Qh6 27. Be4
Bb7 28. hxg6 hxg6 29. Bxd5 Qc1+ 30. Kh2 Bxd5 31. Qh3 Qf4+ 32. Kg1 Qc1+ 33. Kh2
Qf4+ 34. Kg1 Qc1+ 35. Kh2 Qf4+ 1/2-1/2

[Event "Elit(Team Viking-Kungstornet)"]
[Site "?"]
[Date "2016.01.30"]
[Round "5"]
[White "Agrest, Inna"]
[Black "Larsson, Anders"]
[Result "0-1"]
[WhiteElo "2186"]
[BlackElo "2221"]
[PlyCount "116"]

1. e4 e5 2. Nf3 Nc6 3. Bb5 a6 4. Ba4 Nf6 5. O-O Be7 6. Re1 b5 7. Bb3 O-O 8. h3
d6 9. c3 Nd7 10. d4 Bf6 11. a4 Bb7 12. Na3 exd4 13. cxd4 Re8 14. Ba2 Nb4 15.
Bb1 c5 16. Bf4 Nf8 17. Qd2 Nc6 18. Nc2 Na5 19. Ba2 Rxe4 20. Ng5 Rxe1+ 21. Rxe1
Nc4 22. Bxc4 bxc4 23. Ne4 Bxe4 24. Rxe4 d5 25. Re1 Ne6 26. dxc5 Nxc5 27. Nb4 d4
28. Qc2 Ne6 29. Rxe6 fxe6 30. Qxc4 Qd7 31. Nd3 Qd5 32. Qc7 Qe4 33. Nc5 Qd5 34.
Nd3 Qd8 35. Qc6 Qe8 36. Qc4 Kh8 37. Be5 Qd7 38. f4 a5 39. Kh2 Qd5 40. Qc7 Qe4
41. Qc4 Bxe5 42. fxe5 h6 43. Qc2 Rf8 44. Qc4 Kh7 45. Qc2 Rf5 46. Qd2 h5 47. Qd1
h4 48. Kh1 Qe3 49. Kh2 Rg5 50. Kh1 Kh6 51. Qf1 Rg3 52. Nf2 d3 53. Nd1 Qxe5 54.
Qf8 Kh7 55. Nf2 Qe1+ 56. Kh2 Qf1 57. Qa8 Qxf2 58. Qe4+ Rg6 0-1

[Event "Elit(Vasteras-Farsta)"]
[Site "?"]
[Date "2016.01.30"]
[Round "5"]
[White "Urkedal, Frode"]
[Black "Eriksson, Johan"]
[Result "1-0"]
[WhiteElo "2507"]
[BlackElo "2398"]
[PlyCount "61"]
[EventDate "2016.??.??"]
[SourceDate "2016.02.07"]

1. d4 Nf6 2. c4 g6 3. Nc3 Bg7 4. e4 d6 5. Nf3 O-O 6. h3 e5 7. d5 a5 8. g4 Na6
9. Be3 Nc5 10. Qc2 Qe7 11. O-O-O Bd7 12. Be2 c6 13. Bxc5 dxc5 14. d6 Qd8 15.
Nxe5 Nxe4 16. Qxe4 Re8 17. f4 f6 18. Bd3 fxe5 19. f5 a4 20. fxg6 a3 21. gxh7+
Kh8 22. b3 Rf8 23. Rhf1 Rf4 24. Qe3 Rxf1 25. Rxf1 e4 26. Nxe4 Qe8 27. Qxc5 b6
28. Qg5 Ra5 29. Qe7 Re5 30. Qxe8+ Bxe8 31. Nf6 1-0

[Event "Elit(Vasteras-Farsta)"]
[Site "?"]
[Date "2016.01.30"]
[Round "5"]
[White "Vaarala, Eric"]
[Black "Sammalvuo, Tapani"]
[Result "0-1"]
[WhiteElo "2298"]
[BlackElo "2425"]
[PlyCount "104"]
[EventDate "2016.??.??"]

1. d4 Nf6 2. c4 e6 3. Nc3 Bb4 4. e3 O-O 5. Nge2 Re8 6. a3 Bf8 7. d5 g6 8. g3
exd5 9. cxd5 c5 10. Bg2 d6 11. O-O a6 12. b4 Nbd7 13. bxc5 Nxc5 14. Nd4 Bg7 15.
Rb1 Bd7 16. Bb2 Ng4 17. Ne6 Nxe6 18. dxe6 Bxe6 19. Nd5 Bxb2 20. Rxb2 Rb8 21.
Qd4 b5 22. a4 bxa4 23. Rxb8 Qxb8 24. Qxa4 Qb5 25. Ra1 Qxa4 26. Rxa4 Rb8 27. Be4
Rb2 28. Nf4 Nxf2 29. Nxe6 fxe6 30. Bg2 Rd2 31. Rxa6 Ng4 32. Bh3 Rd1+ 33. Kg2
Nxe3+ 34. Kf2 Nf5 35. g4 Ne7 36. g5 Kf7 37. Bg4 Rd4 38. Bf3 d5 39. h3 h5 40.
gxh6 Rh4 41. Bg4 Nf5 42. Ra7+ Kf6 43. h7 Ng7 44. Ra6 Rxh7 45. Bf3 Ne8 46. Bg4
Re7 47. Kg3 Ng7 48. Kf4 Nf5 49. Rb6 Rc7 50. Ra6 Rc3 51. Bxf5 gxf5 52. h4 Rh3
0-1

[Event "Elit(Vasteras-Farsta)"]
[Site "?"]
[Date "2016.01.30"]
[Round "5"]
[White "Livner, Anders"]
[Black "Bergstrom, Peter"]
[Result "1/2-1/2"]
[WhiteElo "2347"]
[BlackElo "2278"]
[PlyCount "115"]
[EventDate "2016.??.??"]

1. Nf3 d5 2. c4 c6 3. e3 Nf6 4. Nc3 a6 5. d4 b5 6. c5 Bg4 7. Qb3 Bxf3 8. gxf3
e5 9. a4 exd4 10. exd4 Nbd7 11. Qa3 Rc8 12. Na2 g6 13. axb5 axb5 14. Nb4 Bg7
15. Bh3 O-O 16. Be3 Nh5 17. Qa6 f5 18. Nxc6 Qh4 19. Bf1 f4 20. Bd2 Rfe8+ 21.
Kd1 Nb8 22. Nxb8 Rxb8 23. Bxb5 Qxf2 24. Rf1 Qxd4 25. Bxe8 Rxb2 26. Qe2 Rxd2+
27. Qxd2 Qxa1+ 28. Ke2 Qe5+ 29. Kf2 Qxe8 30. Qxd5+ Qf7 31. Qd8+ Qf8 32. Rd1
Qxd8 33. Rxd8+ Kf7 34. c6 Be5 35. Rd5 Bb8 36. c7 Bxc7 37. Rd7+ Kf6 38. Rxc7 h6
39. Ke2 g5 40. Kd3 Kf5 41. Rc5+ Kg6 42. Kd4 Nf6 43. Rb5 Nd7 44. Rb7 Nf8 45. Ke5
Kh5 46. Ke4 Ng6 47. Rb3 Nh4 48. Ke5 Ng2 49. Kf5 Ne1 50. Ke4 Ng2 51. Rb6 Nh4 52.
Ra6 Ng2 53. Ra2 Nh4 54. Rf2 Ng6 55. Kf5 Nh4+ 56. Ke4 Ng6 57. Kf5 Nh4+ 58. Ke4
1/2-1/2

[Event "Elit(Vasteras-Farsta)"]
[Site "?"]
[Date "2016.01.30"]
[Round "5"]
[White "Norberg, Johan"]
[Black "Lissang, Christopher"]
[Result "1-0"]
[WhiteElo "2291"]
[BlackElo "2295"]
[PlyCount "71"]
[EventDate "2016.??.??"]

1. g3 d5 2. Bg2 Nf6 3. Nf3 e6 4. O-O Be7 5. c4 O-O 6. b3 c5 7. cxd5 Nxd5 8. Bb2
Nc6 9. Nc3 Bf6 10. Qc1 Nxc3 11. dxc3 Qc7 12. e4 c4 13. Nd2 cxb3 14. axb3 Ne5
15. Qc2 Rd8 16. c4 Bd7 17. h3 Nc6 18. Bxf6 gxf6 19. f4 Nd4 20. Qd1 Bc6 21. Rf2
Kh8 22. Qh5 Rg8 23. Kh2 Rg6 24. Qc5 Qd7 25. Rxa7 Rag8 26. g4 Rh6 27. b4 Qd8 28.
b5 b6 29. Qe7 Qxe7 30. Rxe7 Ba8 31. Rxf7 Rxg4 32. Rd7 Nc2 33. Nf1 Ne1 34. Ne3
Rg8 35. Bh1 Rhg6 36. Rf1 1-0

[Event "Elit(Vasteras-Farsta)"]
[Site "?"]
[Date "2016.01.30"]
[Round "5"]
[White "Ernst, Thomas"]
[Black "Eriksson, Anders"]
[Result "1/2-1/2"]
[WhiteElo "2361"]
[BlackElo "2271"]
[PlyCount "114"]
[EventDate "2016.??.??"]

1. e4 c6 2. d4 d5 3. Nd2 dxe4 4. Nxe4 Nf6 5. Nxf6+ exf6 6. c3 Bd6 7. Bd3 O-O 8.
Qc2 Kh8 9. Ne2 Qc7 10. Be3 g6 11. h4 f5 12. h5 Nd7 13. O-O-O Nf6 14. hxg6 fxg6
15. f3 Nd5 16. Bg5 Be7 17. Qd2 Kg8 18. Bxe7 Qxe7 19. Nf4 Nxf4 20. Qxf4 Be6 21.
Rhe1 Qf7 22. a3 Rae8 23. Re5 Bc4 24. Bxc4 Qxc4 25. Rde1 Qf7 26. Qe3 Rxe5 27.
dxe5 b6 28. e6 Qf6 29. Qd3 Qd8 30. Qc4 Qd5 31. Qxd5 cxd5 32. Kd2 Re8 33. Kd3
Kf8 34. Kd4 Ke7 35. Re5 Rc8 36. Rxd5 Kxe6 37. c4 h5 38. b4 g5 39. c5 bxc5+ 40.
bxc5 Rc6 41. Re5+ Kf6 42. Re8 Ra6 43. Kd5 Rxa3 44. Rf8+ Ke7 45. Rxf5 g4 46. f4
Ra2 47. Rxh5 Rxg2 48. Ke5 a5 49. Rh7+ Ke8 50. c6 Kd8 51. f5 g3 52. f6 Re2+ 53.
Kd6 Rd2+ 54. Kc5 g2 55. Rg7 a4 56. Rg8+ Kc7 57. Rg7+ Kd8 1/2-1/2

[Event "Elit(Vasteras-Farsta)"]
[Site "?"]
[Date "2016.01.30"]
[Round "5"]
[White "Janse, Rasmus"]
[Black "Hjelm, Niclas"]
[Result "0-1"]
[WhiteElo "2214"]
[BlackElo "2311"]
[PlyCount "184"]
[EventDate "2016.??.??"]

1. d4 d5 2. c4 c6 3. Nf3 Nf6 4. Nc3 dxc4 5. a4 e6 6. e3 c5 7. Bxc4 cxd4 8. exd4
Nc6 9. O-O Be7 10. Be3 O-O 11. Ne5 Bd7 12. Qf3 Rc8 13. Ba2 Be8 14. Rfd1 Qa5 15.
Ng4 Nb4 16. Bb1 Bc6 17. Qh3 g6 18. Ne5 Rfe8 19. Bg5 Nh5 20. Bxe7 Rxe7 21. Ne4
Bxe4 22. Bxe4 Nf6 23. Bf3 Kg7 24. g4 h6 25. Qg3 g5 26. h4 Nfd5 27. Be4 Nf4 28.
Qe3 Nbd5 29. Qf3 Qb4 30. Ra3 Rec7 31. Kh2 Qxb2 32. Rb3 Qa2 33. Rdb1 b6 34. Bxd5
exd5 35. h5 Qe2 36. Rb5 Qxf3 37. Nxf3 Rc2 38. Kg3 R8c3 39. R1b3 Rxb3 40. Rxb3
Ra2 41. Re3 Rxa4 42. Re7 Kf8 43. Re3 b5 44. Ne5 Ne6 45. Rf3 Nf4 46. Re3 Kg7 47.
Nc6 Ne6 48. Ne7 Nxd4 49. Nxd5 Ne6 50. Ne7 Nd4 51. Rd3 Kf8 52. Nd5 Ne2+ 53. Kf3
Nf4 54. Rd2 Nxd5 55. Rxd5 a6 56. Rd8+ Kg7 57. Rb8 Rb4 58. Ra8 Ra4 59. Rb8 b4
60. Ke4 a5 61. Kf5 Ra3 62. Rb5 Rf3+ 63. Ke5 Rxf2 64. Rxa5 Rf4 65. Rb5 Rxg4 66.
Kf5 Rf4+ 67. Ke5 Rh4 68. Kf5 Rxh5 69. Rxb4 Rh1 70. Rb6 Rf1+ 71. Kg4 Rf4+ 72.
Kg3 f6 73. Ra6 Kg6 74. Rb6 h5 75. Ra6 Rb4 76. Ra3 h4+ 77. Kh3 Re4 78. Rb3 Kh5
79. Ra3 Rf4 80. Ra8 g4+ 81. Kg2 Kg5 82. Ra5+ Rf5 83. Ra8 Rb5 84. Kh2 Rb2+ 85.
Kg1 f5 86. Kh1 g3 87. Kg1 Kg4 88. Ra1 f4 89. Rc1 f3 90. Ra1 Rh2 91. Ra4+ Kh3
92. Kf1 Rh1# 0-1

[Event "Elit(Vasteras-Farsta)"]
[Site "?"]
[Date "2016.01.30"]
[Round "5"]
[White "Lundin, Jan"]
[Black "Norberg, Erik"]
[Result "1/2-1/2"]
[WhiteElo "2251"]
[BlackElo "2232"]
[PlyCount "69"]
[EventDate "2016.??.??"]

1. e4 g6 2. Nc3 Bg7 3. f4 c6 4. Qf3 d6 5. Bc4 e6 6. Bb3 Ne7 7. Nge2 c5 8. d3
Nbc6 9. O-O O-O 10. Be3 Nd4 11. Qf2 Nxb3 12. axb3 b6 13. d4 Bd7 14. Rfd1 Qc7
15. Qh4 Bc6 16. Ng3 f5 17. dxc5 dxc5 18. e5 Rfd8 19. Nge2 Rxd1+ 20. Rxd1 Rd8
21. Qe1 g5 22. Rxd8+ Qxd8 23. Qg3 Ng6 24. h3 gxf4 25. Bxf4 Qc7 26. Qg5 Bxe5 27.
Bxe5 Qxe5 28. h4 Qg7 29. g3 h6 30. Qd8+ Kh7 31. Kf2 e5 32. Nd5 Bxd5 33. Qxd5
Qe7 34. h5 Nf8 35. Ng1 1/2-1/2

[Event "Elit(Vasteras-Farsta)"]
[Site "?"]
[Date "2016.01.30"]
[Round "5"]
[White "Orndahl, Markus"]
[Black "Wieweg, Johnny"]
[Result "1-0"]
[WhiteElo "2164"]
[BlackElo "2110"]
[PlyCount "79"]
[EventDate "2016.??.??"]

1. d4 f5 2. Bg5 g6 3. e3 Bg7 4. Nd2 d6 5. c3 Nf6 6. h4 O-O 7. Qb3+ Kh8 8. h5
Nxh5 9. Nh3 Qe8 10. Be2 Nf6 11. O-O-O a5 12. d5 b6 13. Nf4 a4 14. Qc2 Na6 15.
Rh2 e5 16. dxe6 Bxe6 17. Nxe6 Qxe6 18. Rdh1 h5 19. Bf3 d5 20. Bxf6 Bxf6 21. g4
Bg7 22. Rxh5+ gxh5 23. Rxh5+ Kg8 24. gxf5 Qd7 25. f6 Rxf6 26. Bxd5+ Kf8 27. Qh7
Qg4 28. Bxa8 Nc5 29. Nf3 Qg2 30. Qc2 Qf1+ 31. Qd1 Nd3+ 32. Kc2 Qxd1+ 33. Kxd1
c6 34. Ke2 Nxb2 35. Ne5 c5 36. Nd7+ Ke7 37. Nxf6 Bxf6 38. Kd2 Nc4+ 39. Kd3 Ne5+
40. Ke4 1-0

[Event "Elit(LASK-Eksjo)"]
[Site "?"]
[Date "2016.02.28"]
[Round "5"]
[White "Rasmussen, Allan Stig"]
[Black "Tari, Aryan"]
[Result "1-0"]
[WhiteElo "2489"]
[BlackElo "2556"]
[PlyCount "49"]
[SourceDate "2016.03.03"]

1. d4 Nf6 2. Nf3 g6 3. Bf4 Bg7 4. e3 O-O 5. Be2 d6 6. O-O Nbd7 7. h3 Qe8 8. Bh2
e5 9. a4 a5 10. Na3 Qe7 11. c3 b6 12. Nb5 c6 13. dxe5 dxe5 14. Qd6 Qxd6 15.
Nxd6 Nd5 16. Rfd1 Ba6 17. Bxa6 Rxa6 18. e4 Nf4 19. Nc4 b5 20. Rxd7 bxc4 21.
Bxf4 exf4 22. Nd2 f5 23. Re1 Re8 24. e5 f3 25. gxf3 1-0

[Event "Elit(LASK-Eksjo)"]
[Site "?"]
[Date "2016.02.28"]
[Round "5"]
[White "Grandelius, Nils"]
[Black "Smith, Axel"]
[Result "1/2-1/2"]
[WhiteElo "2635"]
[BlackElo "2491"]
[PlyCount "182"]

1. e4 e5 2. Nf3 Nf6 3. Nxe5 Nxe4 4. Qe2 Qe7 5. Qxe4 d6 6. d4 dxe5 7. dxe5 Nc6
8. Nc3 Qxe5 9. Qxe5+ Nxe5 10. Bf4 Bd6 11. Bg3 f6 12. O-O-O Bd7 13. Nb5 Bxb5 14.
Bxb5+ Kf7 15. f4 Ng6 16. Bc4+ Kf8 17. Rhf1 Re8 18. Bd5 b6 19. Bc6 Re2 20. Rd3
Kf7 21. Bf3 Re7 22. Bh5 f5 23. Be1 Bxf4+ 24. Kd1 Rhe8 25. g3 Bd6 26. Rxf5+ Kg8
27. Bd2 Rf8 28. Rxf8+ Kxf8 29. Be2 Ne5 30. Rd4 Rf7 31. Bf4 Ke7 32. Re4 Kf6 33.
Bd2 Kf5 34. Rh4 g6 35. Bc3 Rd7 36. Ke1 Re7 37. Kf1 a5 38. a3 Ke6 39. Kg2 Rf7
40. Re4 Kd5 41. Rd4+ Ke6 42. Ba6 Kf6 43. Rf4+ Ke7 44. Re4 Kf6 45. Bc4 Re7 46.
Bd5 Kg7 47. Bd4 h5 48. Rf4 Rd7 49. c4 Re7 50. h3 Kh6 51. Rf8 c6 52. Be4 Nxc4
53. Rh8+ Kg5 54. h4+ Kg4 55. Bf3+ Kf5 56. Rf8+ Ke6 57. Rf6+ Kd7 58. Rxg6 Ne5
59. Rh6 Nxf3 60. Kxf3 Rf7+ 61. Kg2 c5 62. Be3 Rf5 63. Bg5 c4 64. Rxh5 Bc5 65.
Rh7+ Kc6 66. Bf4 Bd4 67. h5 Bxb2 68. Rc7+ Kd5 69. h6 Bxa3 70. h7 Bb2 71. Kf3 a4
72. Ra7 b5 73. Ke2 Rh5 74. g4 Rh4 75. Kf3 a3 76. g5 Rxh7 77. Rxh7 a2 78. Rd7+
Kc5 79. Ra7 a1=Q 80. Rxa1 Bxa1 81. g6 b4 82. Bh6 Kd5 83. g7 Bxg7 84. Bxg7 c3
85. Ke2 Kc4 86. Kd1 Kd3 87. Kc1 b3 88. Kb1 Kd2 89. Bxc3+ Kxc3 90. Kc1 b2+ 91.
Kb1 Kb3 1/2-1/2

[Event "Elit(LASK-Eksjo)"]
[Site "?"]
[Date "2016.02.28"]
[Round "5"]
[White "Hillarp Persson, Tiger"]
[Black "Ornstein, Axel"]
[Result "1-0"]
[WhiteElo "2522"]
[BlackElo "2332"]
[PlyCount "113"]

1. d4 Nf6 2. c4 e6 3. Nc3 Bb4 4. Qc2 c5 5. dxc5 Bxc5 6. Nf3 Qb6 7. e3 a6 8. g4
h6 9. Rg1 g5 10. Bd2 Be7 11. O-O-O d6 12. h4 gxh4 13. g5 hxg5 14. Nxg5 Rf8 15.
Be2 Nc6 16. Nce4 Nxe4 17. Qxe4 Qc5 18. Nh7 Rh8 19. Bc3 Ne5 20. Bh5 Qc6 21.
Qxc6+ bxc6 22. Rg7 Bd7 23. Bxe5 dxe5 24. Bxf7+ Kd8 25. Bxe6 Ra7 26. Nf6 Bxf6
27. Rgxd7+ Rxd7 28. Rxd7+ Ke8 29. Bh3 Be7 30. Kd1 Rh6 31. Ke2 c5 32. Ra7 Rd6
33. Ra8+ Kf7 34. Bg2 Bd8 35. Rc8 Bb6 36. Rh8 Bd8 37. Bd5+ Kg7 38. Re8 Bf6 39.
Rg8+ Kh7 40. Rc8 h3 41. Rxc5 h2 42. Be4+ Kh6 43. Rc7 Bg7 44. Rc6 Rxc6 45. Bxc6
e4 46. Bxe4 Bxb2 47. Kf1 Ba3 48. Kg2 Bd6 49. c5 Bxc5 50. Kxh2 Kg5 51. Kg3 Kf6
52. Bd3 a5 53. Kf4 a4 54. Ke4 a3 55. f4 Ke6 56. Bc4+ Kf6 57. Kf3 1-0